UBT Library

REGJISTRI I BARNAVE 3 (Record no. 38254)

000 -LEADER
fixed length control field 00291nam a22001337a 4500
008 - FIXED-LENGTH DATA ELEMENTS--GENERAL INFORMATION
fixed length control field 171108b xxu||||| |||| 00| 0 eng d
020 ## - INTERNATIONAL STANDARD BOOK NUMBER
International Standard Book Number 9789951890908
041 ## - LANGUAGE CODE
Language code of text/sound track or separate title alb
080 ## - UNIVERSAL DECIMAL CLASSIFICATION NUMBER
Universal Decimal Classification number 618.2
100 ## - Rafti
Rafti 02
101 ## - Shkurtesa
Shkurtesa FAR
245 ## - TITLE STATEMENT
Title REGJISTRI I BARNAVE 3
Statement of responsibility, etc JAKUPI,A
942 ## - ADDED ENTRY ELEMENTS (KOHA)
Source of classification or shelving scheme
Item type Books
Holdings
Withdrawn status Lost status Source of classification or shelving scheme Damaged status Not for loan Collection code Permanent location Current location Shelving location Date acquired Total Checkouts Full call number Barcode Date last seen Price effective from Koha item type
          Koleksioni i përgjithshem UBT - Lipjan UBT - Lipjan Koleksioni i përgjithshem 11/08/2017   618.2 JAK 002-2937666 11/08/2017 11/08/2017 Books
UBT Library © 2015-2024. All rights reserved University Education for Business and Technology